00532nam a2200181Ia 4500003000500000008004100005020002200046040001900068082000700087100003900094245006000133246002900193260004800222300001000270365000800280440005000288546001200338STCL230729s9999 xx 000 0 und d a9788180691256qHB aSTCLcSTCLbEN 222 aMishra, Anil Dutta; Yadav, Sushama 0aGandhian alternative volume 3: socio political thoughts aSocio political thoughts bConcept Publishing CompanyaNew Delhic2005 a258 p b550 aGandhian studies and peace research series 25 aEnglish